10 años de jurisprudencia sobre derecho laboral individual 1991-2000 (Registro nro. 31764)
[ vista simple ]
| 000 -ENCABEZADO | |
|---|---|
| Número de control [NR] | 01348nam a2200289Ia 4500 |
| 008 - DE LONGITUD FIJA DE DATOS DE ELEMENTOS - INFORMACIÓN GENERAL | |
| Elementos de longitud fija [NR] | 130821s2000 ck gr spa |
| 020 ## - NUMERO INTERNACIONAL NORMALIZADO PARA LIBROS [R] | |
| Número Internacional Normalizado del libro [NR] | 9586532631 |
| 040 ## - FUENTE DE CATALOGACION [NR] | |
| Agencia de catalogación original [NR] | CO-BoUCM |
| Quien Cataloga | |
| Idioma de catalogación [NR] | spa |
| Quien Clasifica | Aldemar Mondragón (modificó) |
| 041 00 - CODIGO DE IDIOMA [R] | |
| Código de idioma para texto/pista de sonido o título separado [R] | Español |
| 110 1# - ASIENTO PRINCIPAL--NOMBRE CORPORATIVO [NR] | |
| Nombre corporativo o de jurisdicción como elemento de entrada [NR] | Colombia |
| Unidad subordinada [R] | Corte Constitucional |
| ID de autoridad | 3391 |
| 245 10 - MENCION DE TITULO [NR] | |
| Título [NR] | 10 años de jurisprudencia sobre derecho laboral individual 1991-2000 |
| Mención de responsabilidad, etc. [NR] | Corte Constitucional, Corte Suprema de Justicia, Consejo de Estado ; editor Jurídico José Vicente Barreto R. |
| 246 13 - FORMA VARIANTE DEL TITULO [R] | |
| Título propiamente dicho/forma breve del título [NR] | Diez años de jurisprudencia sobre derecho laboral individual |
| Parte restante del título [NR] | 1991-2000 |
| 260 ## - PUBLICACION, DISTRIBUCION, ETC. (PIE DE IMPRENTA) [R] | |
| Lugar de publicación, distribución, etc. [R] | Bogotá (Colombia) |
| Nombre del editor, distribuidor, etc. [R] | Legis |
| Fecha de publicación, distribución, etc. [R] | 2000 |
| 300 ## - DESCRIPCION FISICA [R] | |
| Extensión [R] | lii, 1002 páginas |
| Material acompañante [NR] | 1 CD-ROM |
| 500 ## - NOTA GENERAL [R] | |
| Nota general [NR] | Edición conmemorativa |
| 500 ## - NOTA GENERAL [R] | |
| Nota general [NR] | Incluye índices temático y cronológico |
| 505 ## - NOTA DE CONTENIDO CON FORMATO PREESTABLECIDO [R] | |
| State manifest and birth record (1764-1977). | Extractos esenciales. -- |
| -- | Salvamentos de votos. -- |
| -- | Conceptos. |
| 650 #7 - ASIENTO SECUNDARIO DE MATERIA - TERMINO TEMATICO [R] | |
| Término temático o nombre geográfico como elemento de entrada [NR] | Derecho laboral |
| Subdivisión geográfica [R] | Colombia |
| Subdivisión cronológica [R] | 1991-2000 |
| 9 (RLIN) | 34750 |
| 650 #7 - ASIENTO SECUNDARIO DE MATERIA - TERMINO TEMATICO [R] | |
| Término temático o nombre geográfico como elemento de entrada [NR] | Jurisprudencia laboral |
| Subdivisión geográfica [R] | Colombia |
| Subdivisión cronológica [R] | 1991-2000 |
| 9 (RLIN) | 35453 |
| 650 #7 - ASIENTO SECUNDARIO DE MATERIA - TERMINO TEMATICO [R] | |
| Término temático o nombre geográfico como elemento de entrada [NR] | Seguridad social |
| Subdivisión geográfica [R] | Colombia |
| Subdivisión cronológica [R] | 1991-2000 |
| 9 (RLIN) | 35454 |
| 690 ## - ASUNTO AGREGADO LOCAL DE ENTRADA - TÉRMINO TEMÁTICO (OCLC, RLIN) | |
| Acceso temático local | Derecho laboral |
| 9 (RLIN) | 12787 |
| 700 1# - ASIENTO SECUNDARIO - NOMBRE PERSONAL [R] | |
| Nombre personal [NR] | Barreto R., José Vicente |
| Término de relación [R] | editor |
| 9 (RLIN) | 153914 |
| 710 1# - ASIENTO SECUNDARIO - NOMBRE CORPORATIVO [R] | |
| Nombre corporativo o de jurisdicción como elemento de entrada [NR] | Colombia |
| Unidad subordinada [R] | Consejo de Estado |
| 9 (RLIN) | 4021 |
| 710 1# - ASIENTO SECUNDARIO - NOMBRE CORPORATIVO [R] | |
| Nombre corporativo o de jurisdicción como elemento de entrada [NR] | Colombia |
| Unidad subordinada [R] | Corte Suprema de Justicia |
| 9 (RLIN) | 4026 |
| 942 ## - ELEMENTOS DE ENTRADA AGREGADOS (KOHA) | |
| Tipo de ítem principal el descrito en 300a | Libro |
| Tema principal | Derecho |
| Edición | 1 |
| Parte restante de la signatura top. | C718d |
| Sistema de clasificación | DEWEY |
| Clasificación | 344.01 |
| Fecha de último préstamo | Total préstamos | Total Renewals | Signatura topográfica | Código de barras | Última vez visto | Ejemplar | Price effective from | Tipo de ítem | Perdido | Sistema de clasificación | Dañado | No prestable | Tipo de ítem específico | Suprimido | Ubicación habitual | Ubicación actual | Localización | Fecha de creación | Forma de adquisición | Costo |
|---|---|---|---|---|---|---|---|---|---|---|---|---|---|---|---|---|---|---|---|---|
| 14/10/2022 | 8 | 1 | 344.01 C718di | 100056351 | 02/07/2026 | Ej.1 | 03/02/2013 | Libro | DEWEY | Libro | Claustro | Claustro | 3er piso | 28/02/2003 | Compra | 47800.00 |